| 000 | 01549cam a2200385 a 4500 | ||
|---|---|---|---|
| 999 |
_c533831 _d533831 |
||
| 001 | 2611528 | ||
| 003 | NUST | ||
| 005 | 20200122095025.0 | ||
| 008 | 970515s1997 ii abf b 001 0 eng | ||
| 010 | _a 97900701 | ||
| 020 | _a8170248086 | ||
| 025 | _aI-E-97-900701; 49-31; 65-31 | ||
| 038 | _aMuhammad Ibrahim | ||
| 040 |
_aDLC _cDLC _dDLC |
||
| 042 | _alcode | ||
| 043 | _aa-ii--- | ||
| 050 | 0 | 4 |
_aG70.5.I4 _bP67 1997 |
| 082 | 0 | 0 |
_a621.367809542 _221 _bPOR 1997 |
| 100 | 1 |
_aPorwal, M. C. _q(Mahesh Chandra) _927843 |
|
| 245 | 1 | 0 |
_aRemote sensing analysis of environmental resources for planning and development / _cby M.C. Porwal. |
| 260 |
_aNew Delhi : _bAPH Pub. Corp., _c1997. |
||
| 300 |
_axxi, 302 p., 29 p. of plates : _bill., maps ; _c22 cm. |
||
| 504 | _aIncludes bibliographical references (p. [289]-299) and index. | ||
| 520 | _aStudy of Siwalik Bhabar Region in Uttar Pradesh, India. | ||
| 650 | 0 |
_aRemote sensing _zIndia _zUttar Pradesh. _927844 |
|
| 650 | 0 |
_aEnvironmental monitoring _zIndia _zUttar Pradesh. _927845 |
|
| 650 | 0 |
_aEnvironmental mapping _zIndia _zUttar Pradesh. _927846 |
|
| 650 | 0 |
_aEnvironmental protection _zIndia _zUttar Pradesh _xMaps. _927847 |
|
| 650 | 0 |
_aNatural resources surveys _zIndia _zUttar Pradesh. _927848 |
|
| 650 | 0 |
_aRegional planning _zIndia _zUttar Pradesh. _927849 |
|
| 650 | 0 |
_aSustainable development _zIndia _zUttar Pradesh. _927850 |
|
| 906 |
_a7 _bcbc _corigode _d3 _encip _f19 _gy-gencatlg |
||
| 942 |
_2ddc _cBK |
||